<?xml version="1.0" encoding="UTF-8"?><?xml-stylesheet type="text/xsl" href="static/style.xsl"?><OAI-PMH xmlns="http://www.openarchives.org/OAI/2.0/" xmlns:xsi="http://www.w3.org/2001/XMLSchema-instance" xsi:schemaLocation="http://www.openarchives.org/OAI/2.0/ http://www.openarchives.org/OAI/2.0/OAI-PMH.xsd"><responseDate>2026-04-29T10:53:20Z</responseDate><request verb="GetRecord" identifier="oai:riubu.ubu.es:10259/10254" metadataPrefix="marc">https://riubu.ubu.es/oai/request</request><GetRecord><record><header><identifier>oai:riubu.ubu.es:10259/10254</identifier><datestamp>2025-04-07T22:42:13Z</datestamp><setSpec>com_10259_6171</setSpec><setSpec>com_10259_5086</setSpec><setSpec>com_10259_2604</setSpec><setSpec>col_10259_7105</setSpec></header><metadata><record xmlns="http://www.loc.gov/MARC21/slim" xmlns:doc="http://www.lyncode.com/xoai" xmlns:xsi="http://www.w3.org/2001/XMLSchema-instance" xmlns:dcterms="http://purl.org/dc/terms/" xsi:schemaLocation="http://www.loc.gov/MARC21/slim http://www.loc.gov/standards/marcxml/schema/MARC21slim.xsd">
<leader>00925njm 22002777a 4500</leader>
<datafield tag="042" ind1=" " ind2=" ">
<subfield code="a">dc</subfield>
</datafield>
<datafield tag="720" ind1=" " ind2=" ">
<subfield code="a">Espinosa González, Ana Belén</subfield>
<subfield code="e">author</subfield>
</datafield>
<datafield tag="720" ind1=" " ind2=" ">
<subfield code="a">López Ausín, Víctor</subfield>
<subfield code="e">author</subfield>
</datafield>
<datafield tag="720" ind1=" " ind2=" ">
<subfield code="a">Fiol Olivan, Francisco</subfield>
<subfield code="e">author</subfield>
</datafield>
<datafield tag="720" ind1=" " ind2=" ">
<subfield code="a">Serrano López, Roberto</subfield>
<subfield code="e">author</subfield>
</datafield>
<datafield tag="720" ind1=" " ind2=" ">
<subfield code="a">Ortega López, Vanesa</subfield>
<subfield code="e">author</subfield>
</datafield>
<datafield tag="260" ind1=" " ind2=" ">
<subfield code="c">2023-04</subfield>
</datafield>
<datafield tag="520" ind1=" " ind2=" ">
<subfield code="a">The stabilization of soft clayey soils to improve their stress–strain behavior is one of the most widely used geotechnical engineering techniques. Traditionally, lime and cement have been used as stabilizers, although other products such as Ladle Furnace Slag (LFS) are now used, given the environmental imperative to reuse materials and to reduce both the consumption of raw materials and the use of landfill sites. LFS is a by-product of the steelmaking industry, with limited applicability in other industrial processes, but its chemical composition, rich in calcium, magnesium, silica, and alumina, mean that it may be used as a binder for clayey soils as a substitute for lime. This geo-mechanical research is focused on the analysis of the plastic behavior and the strength of a low bearing capacity clayey soil mix with 5% added LFS. The following properties were evaluated: plasticity (Atterberg limits), California Bearing Ratio (CBR), Unconfined Compression Strength (UCS), and direct shear strength. The evolution of UCS was verified through tests on samples held in a humid chamber at a constant relative humidity of 95% ± 5%. and temperature of 20 °C ± 3 °C, after 3, 7, 28, 54, and 90 days of curing. Based on the results, a numerical analysis was performed with a two-dimensional finite element software: RS2 (Rocscience). The behavior of a footing-foundation system supported on stabilized soil was modeled, with a plate load test geometry and with the laboratory parameters. The results, compared with those obtained with untreated soil and with a lime-stabilized soil, demonstrated that the LFS mix increased the stiffness of the layered soil (less settlement) and improved its bearing capacity. The applicability of LFS for soil stabilization and its use in geotechnical works such as foundations and embankments open up fields of application that are likely to offer satisfactory alternatives for these by-products.</subfield>
</datafield>
<datafield tag="024" ind2=" " ind1="8">
<subfield code="a">2214-7853</subfield>
</datafield>
<datafield tag="024" ind2=" " ind1="8">
<subfield code="a">http://hdl.handle.net/10259/10254</subfield>
</datafield>
<datafield tag="024" ind2=" " ind1="8">
<subfield code="a">10.1016/j.matpr.2023.03.721</subfield>
</datafield>
<datafield ind1=" " ind2=" " tag="653">
<subfield code="a">Bearing capacity</subfield>
</datafield>
<datafield ind1=" " ind2=" " tag="653">
<subfield code="a">Ladle furnace slag</subfield>
</datafield>
<datafield ind1=" " ind2=" " tag="653">
<subfield code="a">Finite element analysis</subfield>
</datafield>
<datafield ind1=" " ind2=" " tag="653">
<subfield code="a">Settlement</subfield>
</datafield>
<datafield ind1=" " ind2=" " tag="653">
<subfield code="a">Soil stabilization</subfield>
</datafield>
<datafield tag="245" ind1="0" ind2="0">
<subfield code="a">Analysis of the deformational behavior of a clayey foundation soil stabilized with ladle furnace slag (LFS) using a finite element software</subfield>
</datafield>
</record></metadata></record></GetRecord></OAI-PMH>